000 00933nam0a22002531 4500
001 rc\2727242
005 20250806203905.0
035 _a(NLR Aleph) 006854682
090 _a8455
_c8455
100 _a20110915d1943 u y0rusy50 ca
101 0 _arus
102 _aRU
105 _ay z |||||
200 1 _aПрограмма по обучению военизированной охраны НКПС на 1943 г.
_fЦентр. отд. военизир. охраны НКПС
210 _aМосква
_cТрансжелдориздат
_d1943
215 _a100 с.
_d21 см.
712 0 1 _aСССР
_bНародный ком. пут. сообщ.
_bЦентральный отдел военизир. охраны
801 0 _aRU
_bNLR
_gpsbo
801 1 _aRU
_bELAR
_2rusmarc
852 _aNLR
_jВ40 Г-3/43
942 _cBOOK
945 _aРоссийская национальная библиотека
980 _aNB
980 _aBV